000 00545nam a2200193Ia 4500
005 20250508154825.0
008 008 250505s9999 xx 000 0 eng d
037 _aTextual
040 _aFEDL
_beng
_cFEDL
041 _aeng
_2eng
084 _a155.4, WEB
_qFEDL
100 _aWebb Lesley
_9330964
245 0 _aChildren with special needs in the infants' school
260 _aLondon, UK
_bColin Smythe Ltd
_c1967
300 _a216p.
650 _aChild Psychology
942 _cTEXL
_h155.4, WEB
999 _c1352328
_d1352328